| 000 | 02300nam a22001577a 4500 | ||
|---|---|---|---|
| 999 |
_c525619 _d525619 |
||
| 008 | 240328b ||||| |||| 00| 0 eng d | ||
| 100 |
_aBuckel, S., Pichl, M. and Vestena, C.A. _951455 |
||
| 245 | _aLegal struggles: A social theory perspective on strategic litigation and legal mobilisation | ||
| 260 | _aSocial and Legal Studies | ||
| 300 | _a33(1), Feb, 2024: p.21-41 | ||
| 520 | _aSocial movements, NGOs and other political actors often mobilise the law for social change. Strategic litigation and collective legal mobilisation can be key instruments to face current political challenges like the climate crisis, human rights violations against refugees or the exploitation of workers along global supply chains. Although these struggles are framed by a societal context and have impacts on the political and juridical fields, the literature about legal mobilisation still does not decidedly engage with a social-theory-based perspective on such struggles. By developing the concept of legal struggles, the article proposes a conceptual framework to analyse both the ambivalence and the emancipatory potential of progressive struggles in the juridical field. Critical Theory, Materialist Theory and the Theory of Social Fields by Pierre Bourdieu are combined to investigate the specific form of collective legal struggles carried out in this arena. We examine repertoires and strategies of collective actors as well as the emancipatory potential of these mobilisation strategies. Our conclusions point to the structural distinctions and selectivities which define the juridical field in capitalist societies and also the conditions of possibility of political struggles using the law.- Reproduced https://journals.sagepub.com/doi/full/10.1177/09646639231153783 | ||
| 650 |
_aSocial movements - NGOs - Political actors - Legal mobilisation - Strategic litigation - Collective legal struggles - Social change - Climate crisis - Human rights violations - Workers' exploitation - Juridical field - Critical Theory - Materialist Theory - Theory of Social Fields - Pierre Bourdieu - Repertoires and strategies - Emancipatory potential - Capitalist societies _951456 |
||
| 773 | _aSocial and Legal Studies | ||
| 906 | _aSOCIAL MOVEMENTS | ||
| 942 | _cAR | ||